[Event "Open"]
[Site "Cappelle la Grande"]
[Date "1999.02.13"]
[Round "1"]
[White "Cappon, John"]
[Black "Danielian, Elina"]
[Result "1/2-1/2"]
[WhiteElo "2155"]
[BlackElo "2353"]
[PlyCount "63"]
[EventDate "1999.02.??"]

1. e4 c6 2. d4 d5 3. Nd2 dxe4 4. Nxe4 Nd7 5. Ng5 Ngf6 6. Bd3 e6 7. N1f3 Bd6 8.
Qe2 h6 9. Ne4 Nxe4 10. Qxe4 Nf6 11. Qe2 b6 12. Bd2 Bb7 13. O-O-O Qc7 14. Rhe1
O-O-O 15. Kb1 c5 16. dxc5 Bxc5 17. Bc3 Rhg8 18. Be5 Bd6 19. Ba6 Bxe5 20. Bxb7+
Qxb7 21. Nxe5 Kb8 22. Qb5 Rxd1+ 23. Rxd1 Rc8 24. f3 Nd5 25. c4 Qc7 26. Nxf7 a6
27. Qb3 Nf6 28. Ne5 Qxe5 29. Qxb6+ Ka8 30. Qxa6+ Kb8 31. Qb6+ Ka8 32. Qa6+
1/2-1/2

[Event "Open"]
[Site "Cappelle la Grande"]
[Date "1999.02.13"]
[Round "1"]
[White "Cieza, Arcadio"]
[Black "Schiffer, Steve"]
[Result "1-0"]
[WhiteElo "2335"]
[BlackElo "2141"]
[PlyCount "69"]
[EventDate "1999.02.??"]

1. e4 e5 2. Nf3 Nc6 3. Bb5 a6 4. Ba4 g6 5. d4 exd4 6. c3 Bg7 7. cxd4 Nge7 8.
O-O O-O 9. Nc3 d6 10. Bg5 Bd7 11. Qd2 b5 12. Bc2 Bg4 13. Ne2 Re8 14. h3 Bxf3
15. gxf3 Qd7 16. Kg2 f5 17. a4 fxe4 18. fxe4 d5 19. e5 Nf5 20. Bxf5 Qxf5 21.
Ng3 Qf7 22. Rfc1 Nxd4 23. Qxd4 Bxe5 24. Qd2 Rf8 25. f4 Bg7 26. axb5 axb5 27.
Rxa8 Rxa8 28. Rxc7 Qe6 29. Qb4 h6 30. Re7 Qc6 31. Rxg7+ Kxg7 32. Qe7+ Kg8 33.
Bf6 Qc2+ 34. Kf3 Qd1+ 35. Kf2 1-0

[Event "Open"]
[Site "Cappelle la Grande"]
[Date "1999.02.13"]
[Round "1"]
[White "Collas, Didier"]
[Black "Czajka, Zbigniew"]
[Result "1-0"]
[WhiteElo "2330"]
[BlackElo "2140"]
[PlyCount "35"]
[EventDate "1999.02.??"]

1. e4 e6 2. d4 d5 3. Nc3 Bb4 4. e5 c5 5. Bd2 Bd7 6. a3 cxd4 7. axb4 dxc3 8.
Bxc3 Nc6 9. Qg4 Kf8 10. b5 Nce7 11. Nf3 Nh6 12. Qb4 b6 13. h4 Qc7 14. h5 Ke8
15. Bd3 Qc5 16. Qf4 Bxb5 17. Bb4 Qc6 18. Nd4 1-0

[Event "Open"]
[Site "Cappelle la Grande"]
[Date "1999.02.13"]
[Round "1"]
[White "Degraeve, Jean-Marc"]
[Black "Krivonosov, Oleg"]
[Result "1-0"]
[WhiteElo "2536"]
[BlackElo "2446"]
[PlyCount "97"]
[EventDate "1999.02.??"]

1. e4 e5 2. Nf3 Nc6 3. Bc4 Nf6 4. d3 Be7 5. O-O O-O 6. Bb3 d6 7. c3 Na5 8. Bc2
c5 9. Nbd2 Nc6 10. Re1 Re8 11. a3 Bf8 12. b4 a6 13. Nf1 h6 14. Ng3 b5 15. Bb2
Bb7 16. d4 c4 17. a4 Qc7 18. d5 Ne7 19. Bc1 Ng6 20. Nf5 Ne7 21. N3h4 Nxf5 22.
Nxf5 Bc8 23. Qf3 Bxf5 24. Qxf5 Nh7 25. h4 Reb8 26. Be3 g6 27. Qf3 h5 28. Ra2
Be7 29. g3 a5 30. axb5 axb4 31. b6 Qd8 32. Rxa8 Rxa8 33. cxb4 Nf6 34. b7 Rb8
35. Qe2 Ng4 36. Qxc4 Nxe3 37. Rxe3 Rxb7 38. Ra3 Kg7 39. Ra6 Qb8 40. Qc6 Rc7 41.
Qa4 Kh6 42. Bd3 Rc3 43. Bf1 Qc8 44. Rc6 Rxc6 45. dxc6 Qc7 46. Bc4 Kg7 47. Bd5
Bd8 48. Qa8 Kf6 49. Qb7 1-0

[Event "Open"]
[Site "Cappelle la Grande"]
[Date "1999.02.13"]
[Round "1"]
[White "Delmont, Jean-Robert"]
[Black "McMichael, Richard"]
[Result "1-0"]
[WhiteElo "2056"]
[BlackElo "2255"]
[PlyCount "33"]
[EventDate "1999.02.??"]

1. d4 f5 2. e4 fxe4 3. Nc3 Nf6 4. f3 exf3 5. Nxf3 b6 6. Bd3 Bb7 7. O-O Bxf3 8.
Rxf3 g6 9. Bg5 Bg7 10. Bc4 Nc6 11. a3 e6 12. d5 Ne5 13. dxe6 Qe7 14. exd7+ Kd8
15. Ne4 Nxc4 16. Bxf6 Bxf6 17. Qd5 1-0

[Event "Open"]
[Site "Cappelle la Grande"]
[Date "1999.02.13"]
[Round "1"]
[White "Gdanski, Jacek"]
[Black "Bobrowska, Monika"]
[Result "1/2-1/2"]
[WhiteElo "2530"]
[BlackElo "2440"]
[PlyCount "41"]
[EventDate "1999.02.??"]

1. e4 e6 2. d4 d5 3. e5 c5 4. c3 Qb6 5. Nf3 Nc6 6. a3 Bd7 7. b4 cxd4 8. cxd4
Rc8 9. Be3 Nh6 10. Bd3 Ng4 11. O-O Be7 12. Nbd2 Nxe3 13. fxe3 Nb8 14. Qe2 Ba4
15. Rfb1 O-O 16. Nb3 Bxb3 17. Rxb3 f5 18. Qd2 g5 19. Bf1 Nc6 20. g3 a5 21. Kg2
1/2-1/2

[Event "Open"]
[Site "Cappelle la Grande"]
[Date "1999.02.13"]
[Round "1"]
[White "Gurevich, Mikhail"]
[Black "Foisor, Ovidiu"]
[Result "1-0"]
[WhiteElo "2627"]
[BlackElo "2491"]
[PlyCount "125"]
[EventDate "1999.02.??"]

1. d4 Nf6 2. c4 e6 3. Nc3 Bb4 4. e3 b6 5. Nge2 Bb7 6. a3 Be7 7. d5 O-O 8. Ng3
d6 9. e4 Nbd7 10. Be2 c6 11. O-O Re8 12. Be3 a6 13. dxe6 fxe6 14. Qc2 c5 15.
Rad1 Qc7 16. f4 Bf8 17. Bd3 g6 18. Bc1 Bg7 19. Kh1 Re7 20. Qe2 Rf8 21. Bc2 Nb8
22. Qd3 Ne8 23. Be3 Nc6 24. Nge2 Ref7 25. Kg1 Ne7 26. Ba4 Bc6 27. Bxc6 Qxc6 28.
Bc1 e5 29. g3 Qc8 30. Kg2 Nc6 31. Nd5 exf4 32. gxf4 Qb7 33. Bd2 b5 34. b3 Nf6
35. Bc3 Nxd5 36. cxd5 Ne7 37. Bxg7 Rxg7 38. Qh3 Qc8 39. Qe6+ Qxe6 40. dxe6 Nc8
41. e5 Re7 42. exd6 Rxe6 43. d7 Nd6 44. Ng3 Rd8 45. Rd5 c4 46. Rfd1 Rxd7 47.
bxc4 bxc4 48. R1d4 c3 49. Rc5 Rde7 50. Rxc3 Nb5 51. Rd8+ Re8 52. Rxe8+ Rxe8 53.
Rd3 Re6 54. Kf3 Nd6 55. a4 Kf7 56. Rc3 Nf5 57. Ne4 h6 58. Rc7+ Kf8 59. Nc5 Re3+
60. Kg2 Nh4+ 61. Kf2 Ra3 62. Rc8+ Kf7 63. Ra8 1-0

[Event "Open"]
[Site "Cappelle la Grande"]
[Date "1999.02.13"]
[Round "1"]
[White "Manik, Mikulas"]
[Black "Stefansson, Hannes"]
[Result "0-1"]
[WhiteElo "2478"]
[BlackElo "2569"]
[PlyCount "58"]
[EventDate "1999.02.??"]

1. e4 c5 2. Nf3 Nc6 3. d4 cxd4 4. Nxd4 Nf6 5. Nc3 d6 6. Bg5 e6 7. Qd2 a6 8.
O-O-O h6 9. Be3 Be7 10. f4 Bd7 11. Bd3 Ng4 12. Bg1 Nxd4 13. Bxd4 e5 14. Bg1
exf4 15. Nd5 Ne3 16. Nxe3 fxe3 17. Bxe3 Be6 18. Rhe1 O-O 19. Bf4 Bf6 20. e5
dxe5 21. Bxe5 Bg4 22. Bxf6 Qxf6 23. Rf1 Qe6 24. Rde1 Qxa2 25. Qb4 Be6 26. Re5
b5 27. Qe4 f5 28. Qc6 Bc4 29. Rexf5 Rfd8 0-1

[Event "Open"]
[Site "Cappelle la Grande"]
[Date "1999.02.13"]
[Round "1"]
[White "Minasian, Artashes"]
[Black "Kaiumov, Dmitry D"]
[Result "1-0"]
[WhiteElo "2594"]
[BlackElo "2482"]
[PlyCount "95"]
[EventDate "1999.02.??"]

1. e4 c5 2. Nc3 d6 3. f4 g6 4. Nf3 Bg7 5. Bb5+ Bd7 6. a4 Nc6 7. O-O Nd4 8. d3
Bxb5 9. Nxb5 Nxb5 10. axb5 Nf6 11. c4 O-O 12. Bd2 e6 13. Ra3 a6 14. Rb3 Qc7 15.
Qe1 d5 16. e5 Nd7 17. Qh4 Rfe8 18. Ng5 Nf8 19. cxd5 exd5 20. d4 f6 21. Nxh7
Nxh7 22. Rh3 Bf8 23. f5 g5 24. Qh5 fxe5 25. Bxg5 Qf7 26. Qxf7+ Kxf7 27. Rxh7+
Kg8 28. Rxb7 axb5 29. Rf3 Ra1+ 30. Kf2 Rb1 31. Rxb5 cxd4 32. Rg3 Rc8 33. Bd2+
Kf7 34. Rb7+ Kf6 35. Rg8 e4 36. Bf4 e3+ 37. Kg3 e2 38. Kg4 Be7 39. Rxc8 e1=Q
40. Bg5+ Kf7 41. Rxe7+ Qxe7 42. Bxe7 Kxe7 43. Rc2 Rd1 44. Re2+ Kf6 45. Re6+ Kf7
46. Rd6 Rd2 47. Kf3 Rxb2 48. Rxd5 1-0

[Event "Open"]
[Site "Cappelle la Grande"]
[Date "1999.02.13"]
[Round "1"]
[White "Primel, Dominique"]
[Black "Reis, Luis Sousa"]
[Result "0-1"]
[WhiteElo "2030"]
[BlackElo "2225"]
[PlyCount "36"]
[EventDate "1999.02.??"]

1. Nf3 d6 2. d4 Bg4 3. e4 Nf6 4. Nc3 e6 5. h3 Bh5 6. g4 Bg6 7. Qe2 c6 8. Bg2 d5
9. exd5 Nxd5 10. Ne4 Nd7 11. c3 Qc7 12. Nh4 Nf4 13. Bxf4 Qxf4 14. Nxg6 hxg6 15.
Qe3 Qc7 16. O-O-O Nf6 17. Nxf6+ gxf6 18. d5 Bh6 0-1

[Event "Open"]
[Site "Cappelle la Grande"]
[Date "1999.02.13"]
[Round "1"]
[White "Relange, Eloi"]
[Black "Volkov, Sergey"]
[Result "1/2-1/2"]
[WhiteElo "2478"]
[BlackElo "2587"]
[PlyCount "42"]
[EventDate "1999.02.??"]

1. c4 Nf6 2. Nc3 c6 3. e4 e5 4. Nf3 Qa5 5. Be2 Bb4 6. Qc2 O-O 7. O-O Rd8 8. h3
Na6 9. a3 Bxc3 10. dxc3 Nc5 11. Nd2 Qc7 12. b4 Ne6 13. c5 b6 14. Nb3 bxc5 15.
bxc5 a5 16. a4 Qa7 17. Be3 Nf4 18. Bc4 Rb8 19. Rab1 Ne6 20. Qd3 Nf4 21. Qc2 Ne6
1/2-1/2

[Event "Open"]
[Site "Cappelle la Grande"]
[Date "1999.02.13"]
[Round "1"]
[White "Salmensuu, Olli"]
[Black "Savchenko, Stanislav"]
[Result "0-1"]
[WhiteElo "2449"]
[BlackElo "2539"]
[PlyCount "72"]
[EventDate "1999.02.??"]

1. e4 c6 2. d4 d5 3. e5 Bf5 4. Nc3 Qb6 5. Bd3 Bxd3 6. Qxd3 e6 7. Nge2 Qa6 8.
Qh3 Nd7 9. O-O Ne7 10. a4 h5 11. b3 g6 12. Ba3 O-O-O 13. Rfd1 Nf5 14. Ng3 Bxa3
15. Rxa3 h4 16. Nxf5 gxf5 17. a5 c5 18. dxc5 Nxe5 19. Qe3 Nc6 20. Qd3 Qxd3 21.
cxd3 a6 22. f4 d4 23. Na4 Kc7 24. Nb6 Rhg8 25. Ra4 Na7 26. Kf2 Rg4 27. Kf3 Nb5
28. Rd2 Nc3 29. Rb4 f6 30. g3 hxg3 31. hxg3 Rdg8 32. Rg2 e5 33. fxe5 fxe5 34.
Nc4 e4+ 35. Kf2 e3+ 36. Kf1 Rxg3 0-1

[Event "Open"]
[Site "Cappelle la Grande"]
[Date "1999.02.13"]
[Round "1"]
[White "Tissir, Mohamed"]
[Black "Carlier, Eric"]
[Result "1-0"]
[WhiteElo "2303"]
[BlackElo "2115"]
[PlyCount "41"]
[EventDate "1999.02.??"]

1. e4 d5 2. exd5 Nf6 3. d4 Bg4 4. Nf3 Qxd5 5. Be2 e6 6. h3 Bh5 7. Bf4 Nc6 8.
Bxc7 Kd7 9. Bh2 Qa5+ 10. c3 Bxf3 11. Bxf3 Rd8 12. O-O Kc8 13. b4 Qa6 14. a4 Qc4
15. Re1 Bd6 16. Bxd6 Rxd6 17. Na3 Qxc3 18. Nb5 Qxb4 19. Rb1 Rxd4 20. Nxd4 Qxd4
21. Bxc6 1-0

[Event "Open"]
[Site "Cappelle la Grande"]
[Date "1999.02.14"]
[Round "2"]
[White "Matlak, Marek"]
[Black "Ac, Michal"]
[Result "0-1"]
[WhiteElo "2448"]
[BlackElo "2265"]
[PlyCount "44"]
[EventDate "1999.02.??"]

1. d4 Nf6 2. Nf3 g6 3. c4 Bg7 4. g3 O-O 5. Bg2 d6 6. O-O Nbd7 7. Qc2 e5 8. Rd1
Qe7 9. Nc3 exd4 10. Nxd4 Nb6 11. b3 c5 12. Ndb5 Bf5 13. Qd2 Ne4 14. Bxe4 Bxe4
15. Bb2 Bc6 16. Qxd6 Qg5 17. Qd2 Qf5 18. e4 Qf3 19. Nd5 Nxd5 20. exd5 Bd7 21.
g4 Qxg4+ 22. Kf1 Qf3 0-1

[Event "Open"]
[Site "Cappelle la Grande"]
[Date "1999.02.14"]
[Round "2"]
[White "Atalik, Suat"]
[Black "Relange, Eloi"]
[Result "1-0"]
[WhiteElo "2593"]
[BlackElo "2478"]
[PlyCount "47"]
[EventDate "1999.02.??"]

1. d4 Nf6 2. c4 g6 3. Nc3 Bg7 4. e4 d6 5. h3 O-O 6. Bg5 Na6 7. Nge2 e5 8. d5 c6
9. g4 Bd7 10. Ng3 Qb6 11. Rb1 cxd5 12. exd5 Qa5 13. Bd2 Ne8 14. h4 f5 15. h5
fxg4 16. hxg6 hxg6 17. Bd3 e4 18. Ncxe4 Qd8 19. b4 Qe7 20. Qe2 Bd4 21. Be3 Qg7
22. Bh6 Qf7 23. Bxf8 Qxf8 24. Qd2 1-0

[Event "Open"]
[Site "Cappelle la Grande"]
[Date "1999.02.14"]
[Round "2"]
[White "David, Alberto"]
[Black "Skembris, Spiridon"]
[Result "1/2-1/2"]
[WhiteElo "2530"]
[BlackElo "2445"]
[PlyCount "40"]
[EventDate "1999.02.??"]

1. e4 e5 2. Nf3 Nc6 3. Bb5 a6 4. Ba4 Nf6 5. O-O Be7 6. Re1 b5 7. Bb3 d6 8. c3
O-O 9. h3 Na5 10. Bc2 c5 11. d4 Nd7 12. Nbd2 exd4 13. cxd4 Nc6 14. Nf1 Bf6 15.
Be3 Bb7 16. Rc1 Re8 17. Bb1 cxd4 18. Nxd4 Nxd4 19. Bxd4 Be5 20. Ne3 Nf6 1/2-1/2

[Event "Open"]
[Site "Cappelle la Grande"]
[Date "1999.02.14"]
[Round "2"]
[White "Fabiano, Giuseppe"]
[Black "Manik, Mikulas"]
[Result "1-0"]
[WhiteElo "2282"]
[BlackElo "2478"]
[PlyCount "69"]
[EventDate "1999.02.??"]

1. d4 Nf6 2. Nf3 g6 3. c4 Bg7 4. Nc3 O-O 5. e4 d6 6. Be2 Nbd7 7. Bg5 e5 8. d5
h6 9. Bh4 g5 10. Bg3 Nh5 11. h4 Nxg3 12. fxg3 g4 13. Nh2 h5 14. O-O Bh6 15. Bd3
a5 16. Qe2 Nc5 17. Bc2 Bd7 18. Rf2 f6 19. Nf1 Qe7 20. Ne3 Bxe3 21. Qxe3 Qg7 22.
Raf1 Qg6 23. b3 Rf7 24. Nb5 Na6 25. a3 b6 26. Qd2 Raf8 27. Nd4 exd4 28. e5 f5
29. e6 Bxe6 30. dxe6 Qxe6 31. Qg5+ Kh8 32. Bxf5 Qe5 33. Qxh5+ Kg8 34. Bh7+ Kg7
35. Qg6+ 1-0

[Event "Open"]
[Site "Cappelle la Grande"]
[Date "1999.02.14"]
[Round "2"]
[White "Georgiev, Vladimir"]
[Black "Szelag, Marcin"]
[Result "1-0"]
[WhiteElo "2508"]
[BlackElo "2408"]
[PlyCount "65"]
[EventDate "1999.02.??"]

1. d4 Nf6 2. c4 g6 3. Nc3 Bg7 4. e4 d6 5. Bd3 O-O 6. Nge2 Nc6 7. O-O e5 8. d5
Nd4 9. Nxd4 exd4 10. Nb5 Re8 11. Re1 a6 12. Nxd4 Nxd5 13. cxd5 Bxd4 14. Qa4 Be5
15. Qb3 c5 16. dxc6 bxc6 17. Be3 Be6 18. Qa3 Qf6 19. Rab1 d5 20. Bc5 dxe4 21.
Bxe4 Bd5 22. Bxd5 cxd5 23. g3 Qc6 24. b4 d4 25. Qd3 Bf6 26. a3 Rxe1+ 27. Rxe1
Rd8 28. h4 h5 29. Re2 Rd5 30. Re4 Rd8 31. Re1 Kg7 32. Rc1 Rd7 33. Bf8+ 1-0

[Event "Open"]
[Site "Cappelle la Grande"]
[Date "1999.02.14"]
[Round "2"]
[White "Golubovic, Boris"]
[Black "Reizniece, Dana"]
[Result "1-0"]
[WhiteElo "2450"]
[BlackElo "2270"]
[PlyCount "47"]
[EventDate "1999.02.??"]

1. e4 d6 2. d4 Nf6 3. Nc3 g6 4. Be3 Bg7 5. Qd2 c6 6. f3 b5 7. O-O-O Nbd7 8. Bh6
Bxh6 9. Qxh6 e5 10. Kb1 a6 11. Nge2 Qe7 12. a3 Bb7 13. Nc1 O-O-O 14. Nb3 Nb6
15. Na5 Ba8 16. g3 Kb8 17. Bh3 exd4 18. Rxd4 c5 19. Rdd1 d5 20. Rhe1 dxe4 21.
Qf4+ Ka7 22. fxe4 Rxd1+ 23. Rxd1 b4 24. Rd7+ 1-0

[Event "Open"]
[Site "Cappelle la Grande"]
[Date "1999.02.14"]
[Round "2"]
[White "Kiriakov, Petr"]
[Black "Vul, Arkadi Eremeevich"]
[Result "1/2-1/2"]
[WhiteElo "2564"]
[BlackElo "2454"]
[PlyCount "42"]
[EventDate "1999.02.??"]

1. d4 d5 2. c4 e6 3. Nc3 c6 4. e3 Nf6 5. a3 Nbd7 6. Qc2 Bd6 7. c5 Bc7 8. f4 b6
9. b4 a5 10. Bb2 axb4 11. axb4 Bb7 12. Bd3 Rxa1+ 13. Bxa1 bxc5 14. bxc5 Qa8 15.
Bb2 Ba5 16. Nge2 Ba6 17. O-O Bxd3 18. Qxd3 Bxc3 19. Nxc3 O-O 20. Ra1 Qb7 21.
Bc1 Ra8 1/2-1/2

[Event "Open"]
[Site "Cappelle la Grande"]
[Date "1999.02.14"]
[Round "2"]
[White "Lanka, Zigurds"]
[Black "Vareille, Francois"]
[Result "1-0"]
[WhiteElo "2521"]
[BlackElo "2418"]
[PlyCount "57"]
[EventDate "1999.02.??"]

1. e4 e6 2. d4 d5 3. Nc3 Bb4 4. e5 c5 5. a3 Bxc3+ 6. bxc3 Ne7 7. Nf3 Bd7 8. Rb1
Qc7 9. Bf4 Ba4 10. Qd2 Nd7 11. Bd3 h6 12. h4 Rc8 13. h5 Nb6 14. O-O cxd4 15.
cxd4 Qc3 16. Qe2 Nc6 17. Bc1 O-O 18. Bb2 Qa5 19. Nd2 Nc4 20. Nxc4 dxc4 21. Bxc4
Qd8 22. Bd3 Ne7 23. c4 Nf5 24. d5 Qg5 25. f4 Qg3 26. Bxf5 exf5 27. Bd4 Qxa3 28.
c5 Bb3 29. Qe3 1-0

[Event "Open"]
[Site "Cappelle la Grande"]
[Date "1999.02.14"]
[Round "2"]
[White "Marciano, David"]
[Black "Grooten, Herman"]
[Result "1-0"]
[WhiteElo "2521"]
[BlackElo "2405"]
[PlyCount "71"]
[EventDate "1999.02.??"]

1. e4 c6 2. d4 d5 3. Nc3 dxe4 4. Nxe4 Bf5 5. Ng3 Bg6 6. Bc4 e6 7. N1e2 Nf6 8.
O-O Nbd7 9. Bb3 Nb6 10. c4 Be7 11. Nf4 Qc7 12. Qf3 Rd8 13. Be3 Nfd7 14. Rfe1
O-O 15. c5 Nc8 16. Nxg6 hxg6 17. Bf4 Qa5 18. Rad1 Bf6 19. Rxe6 fxe6 20. Bxe6+
Rf7 21. Qb3 Kf8 22. Bxf7 Nxc5 23. dxc5 Rxd1+ 24. Qxd1 Kxf7 25. Qb3+ Kf8 26.
Qxb7 Ne7 27. Bd6 Qxa2 28. Qxc6 Bxb2 29. Qb7 Bf6 30. c6 Kg8 31. Bxe7 Bd4 32.
Qb8+ Kh7 33. Qf4 Qa1+ 34. Nf1 Be5 35. Qh4+ Kg8 36. Qc4+ 1-0

[Event "Open"]
[Site "Cappelle la Grande"]
[Date "1999.02.14"]
[Round "2"]
[White "McNab, Colin A"]
[Black "Levin, Felix"]
[Result "1/2-1/2"]
[WhiteElo "2418"]
[BlackElo "2496"]
[PlyCount "51"]
[EventDate "1999.02.??"]

1. c4 c5 2. Nf3 Nf6 3. g3 b6 4. Bg2 Bb7 5. d3 g6 6. e4 Bg7 7. Nc3 O-O 8. h3 d6
9. Bg5 Nc6 10. Qd2 Nd7 11. h4 h5 12. Nd5 Nf6 13. O-O Ng4 14. Qe2 Qd7 15. Rab1
e6 16. Nc3 Nge5 17. Nxe5 Bxe5 18. Qd2 Bg7 19. a3 Nd4 20. Ne2 d5 21. Nxd4 Bxd4
22. exd5 exd5 23. Be3 Bxe3 24. Qxe3 Rfe8 25. Qf4 dxc4 26. dxc4 1/2-1/2

[Event "Open"]
[Site "Cappelle la Grande"]
[Date "1999.02.14"]
[Round "2"]
[White "Miezis, Normunds"]
[Black "Tissir, Mohamed"]
[Result "1-0"]
[WhiteElo "2525"]
[BlackElo "2303"]
[PlyCount "57"]
[EventDate "1999.02.??"]

1. c4 Nf6 2. Nc3 e6 3. e4 c5 4. e5 Ng8 5. d4 cxd4 6. Qxd4 Nc6 7. Qe4 f5 8. Qe2
Nge7 9. f4 b6 10. Nf3 Ng6 11. Be3 Bb4 12. Rc1 O-O 13. a3 Be7 14. Rd1 Bb7 15.
Qd3 Rf7 16. Be2 Rc8 17. b4 h6 18. g3 Nf8 19. h4 g5 20. hxg5 hxg5 21. Rh5 gxf4
22. gxf4 Rg7 23. Kf2 Ng6 24. Rg1 a5 25. b5 Nb8 26. Na4 Be4 27. Qd4 d5 28. exd6
Qxd6 29. Rxg6 1-0

[Event "Open"]
[Site "Cappelle la Grande"]
[Date "1999.02.14"]
[Round "2"]
[White "Peric, Slavisa"]
[Black "Rausis, Igors"]
[Result "1-0"]
[WhiteElo "2300"]
[BlackElo "2508"]
[PlyCount "51"]
[EventDate "1999.02.??"]

1. d4 d5 2. Nf3 c6 3. e3 Bg4 4. c4 e6 5. Qb3 Qb6 6. Nbd2 Nd7 7. Bd3 Ngf6 8. O-O
Be7 9. Qc2 O-O 10. Ne5 Nxe5 11. dxe5 Nd7 12. h3 Bh5 13. Bxh7+ Kh8 14. g4 g6 15.
gxh5 Kxh7 16. Nf3 Qc5 17. b3 dxc4 18. Bb2 cxb3 19. Qxb3 Qd5 20. hxg6+ Kxg6 21.
Qc2+ Kh6 22. e4 Qa5 23. Kh1 Kh7 24. Qd1 Qb4 25. Nd4 Bg5 26. Qh5+ 1-0

[Event "Open"]
[Site "Cappelle la Grande"]
[Date "1999.02.14"]
[Round "2"]
[White "Reus, Rudolf"]
[Black "Tregubov, Pavel V."]
[Result "0-1"]
[WhiteElo "2320"]
[BlackElo "2570"]
[PlyCount "65"]
[EventDate "1999.02.??"]

1. c4 e6 2. Nf3 d5 3. g3 c6 4. b3 a5 5. Bg2 a4 6. cxd5 exd5 7. O-O axb3 8. Qxb3
Nf6 9. d3 Be7 10. Nc3 O-O 11. e4 d4 12. Ne2 c5 13. Ne5 Nc6 14. Nxc6 bxc6 15. e5
Nd5 16. Nf4 Nxf4 17. Bxf4 Ra6 18. Rab1 Bg5 19. Bxg5 Qxg5 20. f4 Qg6 21. Qc4 Ra5
22. Be4 Bf5 23. Bxf5 Qxf5 24. Rb6 Ra3 25. Rfb1 Rc3 26. Qa6 h6 27. R6b3 g5 28.
Rxc3 dxc3 29. Qxc6 Qxd3 30. Rf1 c2 31. Qxc5 Rd8 32. e6 fxe6 33. Qc6 0-1

[Event "Open"]
[Site "Cappelle la Grande"]
[Date "1999.02.14"]
[Round "2"]
[White "Socko, Bartosz"]
[Black "Volzhin, Aleksander"]
[Result "1/2-1/2"]
[WhiteElo "2497"]
[BlackElo "2548"]
[PlyCount "50"]
[EventDate "1999.02.??"]

1. e4 c5 2. Nf3 Nc6 3. d4 cxd4 4. Nxd4 Nf6 5. Nc3 e5 6. Ndb5 d6 7. Bg5 a6 8.
Na3 b5 9. Nd5 Be7 10. Bxf6 Bxf6 11. c3 O-O 12. Nc2 Bg5 13. a4 bxa4 14. Rxa4 a5
15. Bc4 Rb8 16. b3 Kh8 17. O-O f5 18. exf5 Bxf5 19. Nce3 Bg6 20. Ra2 e4 21. Be2
Bf7 22. Nc4 Bg8 23. Ra3 Rb5 24. Nce3 Rb7 25. Nc4 Rb5 1/2-1/2

[Event "Open"]
[Site "Cappelle la Grande"]
[Date "1999.02.14"]
[Round "2"]
[White "Soulages, Laurent"]
[Black "Santo Roman, Marc"]
[Result "0-1"]
[WhiteElo "2228"]
[BlackElo "2381"]
[PlyCount "31"]
[EventDate "1999.02.??"]

1. Nf3 f5 2. c4 Nf6 3. g3 g6 4. Bg2 Bg7 5. O-O O-O 6. Nc3 d6 7. d4 Nc6 8. d5
Na5 9. Qd3 c5 10. Be3 Bd7 11. Rac1 a6 12. Bd2 b5 13. b3 Rb8 14. Be1 Qc7 15. Nd2
bxc4 16. Nxc4 0-1

[Event "Open"]
[Site "Cappelle la Grande"]
[Date "1999.02.14"]
[Round "2"]
[White "Urban, Klaudiusz"]
[Black "Brodsky, Michail"]
[Result "1/2-1/2"]
[WhiteElo "2444"]
[BlackElo "2530"]
[PlyCount "49"]
[EventDate "1999.02.??"]

1. g3 e5 2. Bg2 d5 3. d3 Nf6 4. Nf3 Nc6 5. O-O Be7 6. Nc3 d4 7. Nb1 O-O 8. c3
Re8 9. Bg5 a5 10. Qa4 Bd7 11. cxd4 Nxd4 12. Qd1 Nxf3+ 13. Bxf3 c6 14. Nc3 h6
15. Bxf6 Bxf6 16. Rc1 Be6 17. a3 Be7 18. Na4 Qd4 19. Qc2 Rad8 20. Nc5 Bxc5 21.
Qxc5 Bd5 22. e4 Ba2 23. Qxd4 Rxd4 24. Be2 Bb3 25. Rc5 1/2-1/2

[Event "Open"]
[Site "Cappelle la Grande"]
[Date "1999.02.14"]
[Round "2"]
[White "Volkov, Sergey"]
[Black "Nataf, Igor-Alexandre"]
[Result "1-0"]
[WhiteElo "2587"]
[BlackElo "2481"]
[PlyCount "65"]
[EventDate "1999.02.??"]

1. d4 Nf6 2. c4 g6 3. Nc3 Bg7 4. e4 d6 5. Be2 O-O 6. Nf3 e5 7. Be3 Ng4 8. Bg5
f6 9. Bh4 g5 10. Bg3 Nh6 11. d5 Nd7 12. Nd2 f5 13. exf5 Nf6 14. Nde4 Nxe4 15.
Nxe4 Bxf5 16. Bd3 g4 17. O-O Kh8 18. Qe2 Qe8 19. c5 Qg6 20. Rac1 Ng8 21. Rfd1
Nf6 22. cxd6 Bxe4 23. dxc7 Bxd3 24. Rxd3 Ne4 25. Rc4 Nxg3 26. hxg3 b5 27. Rc6
Qf5 28. d6 Qd7 29. Qe4 Rac8 30. Rc5 Rf7 31. Qb7 Rff8 32. Qxb5 Qf5 33. d7 1-0

[Event "Open"]
[Site "Cappelle la Grande"]
[Date "1999.02.14"]
[Round "2"]
[White "Zlochevskij, Alexander"]
[Black "Dgebuadze, Alexandre"]
[Result "1/2-1/2"]
[WhiteElo "2457"]
[BlackElo "2539"]
[PlyCount "46"]
[EventDate "1999.02.??"]

1. Nf3 c5 2. c4 Nc6 3. d4 cxd4 4. Nxd4 g6 5. e4 Bg7 6. Nxc6 dxc6 7. Qxd8+ Kxd8
8. Be2 Nf6 9. Nc3 e5 10. Be3 Ng4 11. Bxg4 Bxg4 12. f3 Be6 13. b3 Kc7 14. Ke2 h5
15. Rac1 Bh6 16. Bxh6 Rxh6 17. Rhd1 Bd7 18. Rd2 Rd8 19. Rcd1 g5 20. Na4 Rhh8
21. Nc5 Bc8 22. Rxd8 Rxd8 23. Rxd8 Kxd8 1/2-1/2

[Event "Open"]
[Site "Cappelle la Grande"]
[Date "1999.02.15"]
[Round "3"]
[White "Ac, Michal"]
[Black "Zlochevskij, Alexander"]
[Result "0-1"]
[WhiteElo "2265"]
[BlackElo "2457"]
[PlyCount "58"]
[EventDate "1999.02.??"]

1. d4 Nf6 2. c4 c5 3. d5 b5 4. cxb5 a6 5. b6 Qxb6 6. Nc3 g6 7. g3 d6 8. Bg2 Bg7
9. Nf3 a5 10. O-O O-O 11. Qc2 Nbd7 12. h3 Ba6 13. Rb1 Rfc8 14. Be3 Qc7 15. Rbd1
Nb6 16. Nh2 Rab8 17. g4 Qb7 18. g5 Nfd7 19. Bc1 Nc4 20. Na4 Ndb6 21. Nxb6 Qxb6
22. b3 Ne5 23. Qe4 c4 24. Be3 Qd8 25. f4 Nd7 26. Bd4 cxb3 27. Bxg7 Kxg7 28.
axb3 Rxb3 29. Nf3 Rc4 0-1

[Event "Open"]
[Site "Cappelle la Grande"]
[Date "1999.02.15"]
[Round "3"]
[White "Agdestein, Simen"]
[Black "Cosma, Elena Luminita"]
[Result "1-0"]
[WhiteElo "2550"]
[BlackElo "2365"]
[PlyCount "57"]
[EventDate "1999.02.??"]

1. d4 d5 2. c4 e6 3. Nf3 c6 4. e3 Nf6 5. Bd3 Nbd7 6. O-O dxc4 7. Bxc4 b5 8. Bd3
Bb7 9. e4 a6 10. a4 Be7 11. Qe2 b4 12. Nbd2 c5 13. e5 Nd5 14. Nb3 h6 15. Bd2
Qb6 16. a5 Qa7 17. Rac1 cxd4 18. Nfxd4 Rd8 19. Nc6 Bxc6 20. Rxc6 Nb8 21. Rc4
Qd7 22. Bc2 O-O 23. Rg4 f5 24. exf6 Rxf6 25. Qe4 Bf8 26. Qh7+ Kf7 27. Bg6+ Ke7
28. Bxh6 Kd6 29. Bg5 1-0

[Event "Open"]
[Site "Cappelle la Grande"]
[Date "1999.02.15"]
[Round "3"]
[White "Akesson, Ralph"]
[Black "Frois, Antonio"]
[Result "1-0"]
[WhiteElo "2530"]
[BlackElo "2405"]
[PlyCount "45"]
[EventDate "1999.02.??"]

1. c4 c5 2. Nf3 g6 3. d4 cxd4 4. Nxd4 Bg7 5. e4 Nc6 6. Be3 d6 7. Nc3 Nf6 8. Be2
O-O 9. O-O Bd7 10. Qd2 Nxd4 11. Bxd4 Bc6 12. f3 a5 13. Rab1 a4 14. b4 axb3 15.
axb3 Nd7 16. Bf2 Nc5 17. Rfc1 Ra3 18. Bd1 Re8 19. b4 Na4 20. Ne2 Nb6 21. c5
dxc5 22. Qxd8 Rxd8 23. b5 1-0